Οικονομική των μεταφορών
Αποθηκεύτηκε σε:
| Κύριος συγγραφέας: | |
|---|---|
| Μορφή: | Βιβλίο |
| Γλώσσα: | Greek |
| Δημοσίευση: |
Αθήνα :
Παπασωτηρίου,
c2008
|
| Έκδοση: | 4η αναθ. έκδ. |
| Θέματα: | |
| Ετικέτες: |
Προσθήκη ετικέτας
Δεν υπάρχουν, Καταχωρήστε ετικέτα πρώτοι!
|
MARC
| LEADER | 00000cam a2200000 i 4500 | ||
|---|---|---|---|
| 001 | 1/10454 | ||
| 008 | 101006s2008 gre d | ||
| 020 | |a 978-960-7182-16-6 | ||
| 020 | |a 960-7182-16-2 | ||
| 035 | |l 10109018 | ||
| 040 | |a GR-MY-UA |b gre |e aacr | ||
| 041 | 0 | |a gre | |
| 082 | 0 | |a 380.5909495 |2 (22) | |
| 100 | 1 | |a Προφυλλίδης, Βασίλης. | |
| 245 | 1 | 0 | |a Οικονομική των μεταφορών / |c Β. Προφυλλίδης |
| 250 | |a 4η αναθ. έκδ. | ||
| 260 | |a Αθήνα : |b Παπασωτηρίου, |c c2008 | ||
| 300 | |a 400 σ.; |b διαγ., πιν.; |c 24 εκ. | ||
| 504 | |a Βιβλιογραφία: σ. 359-375 | ||
| 650 | 0 | 0 | |a Transportation |z Greece. |
| 852 | |a INST |b CHIOS |e 20101006 |h 380.5909495 ΠΡΟ |p 005200032125 |q 005200032125 |t BK |y 0 | ||
| 852 | |a INST |b CHIOS |e 20101029 |h 380.5909495 ΠΡΟ |p 005200032126 |q 005200032126 |t BK |y 0 | ||
| 852 | |a INST |b CHIOS |e 20120629 |h 380.5909495 ΠΡΟ |p 005200035662 |q 005200035662 |t BK |y 0 | ||
| 901 | |a BIBL3-2010-3 | ||
| 901 | |a BIBL2-2012-2 | ||
| 909 | |a Χ |b 148724 | ||
| 909 | |a Χ |b 175094 | ||
| 909 | |a Χ |b 148723 | ||
| 920 | |a ΦΟΙΤΗΤΙΚΗ ΜΕΡΙΜΝΑ |y ΧΙΟΣ |z 2010-08 | ||
| 970 | |a ΣΑΛΑΜΟΥΡΑ |b ΜΑΡΙΑ |z 2010/10/06 | ||